|
|
|
|
| LEADER |
00990cam a2200205 7i4500 |
| 001 |
0000009286 |
| 005 |
20020728090000.0 |
| 020 |
0 |
0 |
|a 0792342178
|
| 090 |
0 |
0 |
|a LB 1028.43
|b C951
|
| 245 |
0 |
0 |
|a Cross national policies and practices on computers in education
|c edited by Tjeerd Plomp and Ronald E. Anderson and Georgia Kontogiannopoulou-Polydorides.
|
| 260 |
0 |
0 |
|a Dordrecht
|a Boston:
|b Kluwer Academic Publishers,
|c c1996..
|
| 300 |
# |
# |
|a viii, 468 p.:
|b ill.;
|c 25 cm..
|
| 300 |
# |
# |
|a 468p.;
|c 25cm..
|
| 500 |
0 |
0 |
|a Presents some of the results from a study conducted in 1992 by the International Association for the Evaluation of Educational Achievement.
|
| 650 |
0 |
0 |
|a Education --
|x Data processing --
|x Government policy --
|x Cross-cultural studies.
|
| 650 |
0 |
0 |
|a Education --
|x Data processing --
|x Cross-cultural studies.
|
| 700 |
1 |
1 |
|a Plomp,
|h Tj.
|
| 700 |
1 |
1 |
|a Anderson,
|h Ronald E.
|
| 700 |
1 |
1 |
|a Kontogiannopoulou-Polydorides,
|h Georgia.
|
| 999 |
|
|
|a 1000384694
|b Book
|c Open Shelf
|e KOLEKSI TERBUKA
|